000 00461nam a22001817a 4500
005 20180816121404.0
008 160524b xxu||||| |||| 00| 0 eng d
020 _a81-85386-315
041 _aeng
082 _b4626
_a658.4012
100 _aPearce II John A and Robinson, Richard B.
_94828
245 _aStrategic Management
250 _a3rd ed.
260 _aNew Delhi
_bAcademic Faundation
300 _a979p,
650 _aManagement
_9241
942 _cBK
999 _c1562
_d1561